| 000 -LEADER | |
|---|---|
| fixed length control field | 00357nam a22001577a 4500 |
| 005 - DATE AND TIME OF LATEST TRANSACTION | |
| control field | 20210908130509.0 |
| 008 - FIXED-LENGTH DATA ELEMENTS--GENERAL INFORMATION | |
| fixed length control field | 160701b xxu||||| |||| 00| 0 eng d |
| 041 ## - LANGUAGE CODE | |
| Language code of text/sound track or separate title | eng |
| 082 ## - DEWEY DECIMAL CLASSIFICATION NUMBER | |
| Item number | 20306 |
| 100 ## - MAIN ENTRY--AUTHOR NAME | |
| Personal name | Sai prasad S V |
| 245 ## - TITLE STATEMENT | |
| Title | Objective plant protection |
| 260 ## - PUBLICATION, DISTRIBUTION, ETC. (IMPRINT) | |
| Name of publisher | New vishal |
| 300 ## - PHYSICAL DESCRIPTION | |
| Number of Pages | 552 |
| 650 ## - SUBJECT ADDED ENTRY--TOPICAL TERM | |
| Topical Term | Agriculture |
| 942 ## - ADDED ENTRY ELEMENTS (KOHA) | |
| Koha item type | Books |
| Lost status | Damaged status | Collection code | Home library | Current library | Shelving location | Date acquired | Cost, normal purchase price | Full call number | Accession Number | Koha item type |
|---|---|---|---|---|---|---|---|---|---|---|
| AGRICULTURE | JRU Library | JRU Library | SHELF-46-H | 01/07/2016 | 450.00 | 20306 | 20306 | Books | ||
| AGRICULTURE | JRU Library | JRU Library | SHELF-46-H | 01/07/2016 | 450.00 | 20306 | 20307 | Books | ||
| AGRICULTURE | JRU Library | JRU Library | SHELF-46-H | 01/07/2016 | 450.00 | 20306 | 20308 | Books |